Länder nach Deos #1 - Statistiken

Allgemein
  • Dieses Quiz wurde 10 mal gespielt
  • Das Durchschnittsergebnis liegt bei 7 aus 10
Antwortstatistiken
Bildquiz Antwort % Korrekt
Australien
100%
Äthiopien
83%
Italien
83%
Malta
83%
Bahamas
67%
Guatemala
67%
Jordanien
67%
Marokko
67%
Taiwan
67%
Paraguay
50%
Keine übereinstimmenden Quizze gefunden
Verteilung der Resultate
Anzahl Personen mit jedem Resultat
Perzentil nach korrekt beantworteten Fragen
Ihre Resultats-Entwicklung
Sie haben dieses Quiz noch nicht gespielt